|
|
|
|
| LEADER |
00000cam a2200000 a 4500 |
| 001 |
vtls010341665 |
| 003 |
SK-MaSNL |
| 005 |
20260301084933.0 |
| 008 |
220720s2011 xo odl f 100 0 slo |
| 015 |
|
|
|a SNBA2012/04-02362
|
| 020 |
|
|
|a 9788089544103 (brož.)
|
| 035 |
|
|
|a 89276bbb-29cc-4d8e-82a8-096cf10c9ec1
|
| 035 |
|
|
|a urn:nbn:sk:snk-amjtij
|
| 035 |
|
|
|a urn:nbn:sk:snk:ar-a0caoj
|
| 040 |
|
|
|a SNK
|b slo
|c SNK
|e AACR2
|
| 041 |
0 |
|
|a slo
|b eng
|
| 044 |
|
|
|a xo
|c SK
|
| 072 |
|
7 |
|a 591
|x Všeobecná zoológia
|2 konspekt
|
| 072 |
|
7 |
|a 572
|x Antropológia
|2 konspekt
|
| 080 |
|
|
|a 591.4
|2 2001
|
| 080 |
|
|
|a (062.534)
|2 2001
|
| 080 |
|
|
|a 572.7
|2 2001
|
| 245 |
0 |
0 |
|a Martinský morfologický zborník 2011
|c [editor: Yvetta Mellová]
|
| 260 |
|
|
|a Martin
|b Univerzita Komenského Jesseniova lekárska fakulta
|c 2011
|
| 300 |
|
|
|a 89 s.
|b fotogr., grafy, sch., tab.
|c 30 cm
|
| 500 |
|
|
|a Náz. z obalu. Hrebeňová väzba
|
| 504 |
|
|
|a Bibliogr. odkazy
|
| 546 |
|
|
|a Angl. res.
|
| 650 |
0 |
7 |
|a morfológia živočíchov
|2 SNKPH
|9 67088
|
| 650 |
0 |
7 |
|a morfológia človeka
|2 SNKPH
|9 67087
|
| 650 |
0 |
7 |
|a Animal morphology
|2 SNKPHeng
|9 368781
|
| 650 |
0 |
7 |
|a Human morphology
|2 SNKPHeng
|9 414196
|
| 655 |
|
7 |
|a zborníky konferencií
|2 SNKPH
|9 70153
|
| 655 |
|
7 |
|a Proceedings of conferences
|2 SNKPHeng
|9 265791
|
| 655 |
|
7 |
|a issue_zb
|2 SNK
|9 276493
|
| 700 |
1 |
|
|a Mellová, Yvetta,
|d 1951-
|4 edt
|9 22236
|
| 852 |
|
|
|a Štátna vedecká knižnica v Banskej Bystrici
|
| 919 |
|
|
|a 978-80-89544-10-3
|
| 954 |
|
|
|a odborná, vedecká literatúra pôvodná (slovenská)
|2 lita
|
| 958 |
|
|
|a ART
|
| 958 |
|
|
|a NB
|
| 958 |
|
|
|a OND
|
| 968 |
|
|
|d 56/59
|
| 999 |
|
|
|c 664623
|d 666553
|
| 952 |
|
|
|a SNK
|b SNK
|y PREZ
|7 0
|p 17A0880267
|o snkSB 82715
|i snk2012/6300
|8 0
|0 0
|1 0
|4 0
|d 2012-03-15
|l 0
|r 2025-05-05 00:00:00
|w 2026-02-23
|
| 952 |
|
|
|a SNK
|b SNK
|y VYP
|7 0
|p 17A0880266
|o snkSB 82715 D1
|i snk2012/6301
|8 0
|0 0
|1 0
|4 0
|d 2012-03-15
|l 0
|r 2016-06-30 00:00:00
|w 2026-02-23
|